| 000 | 01303cad a22002295a 4500 | ||
|---|---|---|---|
| 001 | L147762 | ||
| 008 | 090615s2009 xxkado f 000 0 eng d | ||
| 035 | _a(Sirsi) u147762 | ||
| 041 | 0 | _aeng | |
| 050 | 0 | 4 | _a333.33 $2 18 |
| 110 | 2 |
_aTenant Services Authority _95662 |
|
| 245 | 0 | 0 |
_aNational Conversation Leaflet _bhave your say about standards in social housing _h[electronic resource] |
| 260 |
_aLondon _bTSA _c2009 |
||
| 520 | _aPresents the second phase of the Tenants Services Authority's National Conversation, a programme engagement between landlords and tenants. Phase 2 consists of a consultation held until September 2009, with the goal of collecting views on standards set by the Tenants Services Authority. Accompanied by two other documents entitled "National Conversation Phase one findings" (see L147758) and "Building a new regulatory framework" (see L147759), and their executive summary, all available to download from the website. | ||
| 521 | _aAdvanced | ||
| 590 | _aKA NTK | ||
| 650 | 2 | 4 | _aHOUSING AND REGENERATION ACT 2008 |
| 651 | 4 |
_aEngland and Wales _y1543- |
|
| 690 | _aPROPERTY-RESIDENTIAL PROPERTY | ||
| 856 | 4 | 0 |
_uhttps://www.tenantservicesauthority.org/server/show/ConWebDoc.18499 _zView the leaflet free of charge at www.tenantservicesauthority.org... |
| 942 | _n0 | ||
| 999 |
_c109716 _d109716 |
||